| 000 | 00487nam a2200145Ia 4500 | ||
|---|---|---|---|
| 008 | 250112s9999 xx 000 0 und d | ||
| 020 | _a978-3-319-10061-6 | ||
| 100 | _aYukiko Nakano, Ken Satoh, Daisuke Bekki | ||
| 245 | 0 | _aNew Frontiers in Artificial Intelligence | |
| 250 | _a2014 | ||
| 260 |
_c2014 _bSpringer International Publishing |
||
| 440 | _aLecture Notes in Computer Science | ||
| 856 | _uhttps://link.springer.com/openurl?genre=book&isbn=978-3-319-10061-6 | ||
| 942 | _cEB | ||
| 999 |
_c376888 _d376888 |
||